000 00665nam a22002177a 4500
008 150626b xxu||||| |||| 00| 0 eng d
020 _a9780538754330
020 _a0538754330
041 0 _aeng
080 _a33
100 _aGwartney, James D.; Stroup, Richard L.; et al.
245 _aMicroeconomics :
_cJames D. Gwartney; Richard L. Stroup; et.al.
250 _a13th Edition
260 _aMason, Ohio :
_bSouth-Western Cengage Learning,
_c2011.
300 _a553 f.
_bme il.;
_c28 cm.
500 _aPreface: f.v-x
505 _aIndex: f.541-553
650 0 _aMikroekonomi
700 1 _aGwartney, James D.
942 _2udc
_cBK
999 _c1073
_d1073